| 000 -LEADER |
| fixed length control field |
00897cam a22002654a 4500 |
| 020 ## - INTERNATIONAL STANDARD BOOK NUMBER |
| ISBN |
0471415138 (cloth : alk. paper) |
| 040 ## - CATALOGING SOURCE |
| Transcribing agency |
DLC |
| 041 1# - LANGUAGE CODE |
| Language code of original and/or intermediate translations of text |
ger |
| 082 00 - DEWEY DECIMAL CLASSIFICATION NUMBER |
| Classification number |
355 WIL 2001 A021 Or. |
| 100 1# - MAIN ENTRY--AUTHOR NAME |
| Personal name |
Clausewitz, Carl von, |
| 245 00 - TITLE STATEMENT |
| Title |
Clausewitz on strategy : |
| Remainder of title |
inspiration and insight from a master strategist / |
| 260 ## - PUBLICATION, DISTRIBUTION, ETC. (IMPRINT) |
| Place of publication |
New York : |
| Name of publisher |
Wiley, |
| Year of publication |
c2001. |
| 300 ## - PHYSICAL DESCRIPTION |
| Number of Pages |
xii, 196 p. : |
| Other physical details |
ill., maps ; |
| Dimensions |
24 cm. |
| 500 ## - GENERAL NOTE |
| General note |
Translation from German. |
| 500 ## - GENERAL NOTE |
| General note |
Includes index. |
| 650 #0 - SUBJECT ADDED ENTRY--TOPICAL TERM |
| Topical Term |
Military art and science. |
| 650 #0 - SUBJECT ADDED ENTRY--TOPICAL TERM |
| Topical Term |
Strategy. |
| 700 1# - ADDED ENTRY--PERSONAL NAME |
| Personal name |
Ghyczy, Tiha von. |
| 700 1# - ADDED ENTRY--PERSONAL NAME |
| Personal name |
Oetinger, Bolko von. |
| 700 1# - ADDED ENTRY--PERSONAL NAME |
| Personal name |
Bassford, Christopher. |
| 856 42 - ELECTRONIC LOCATION AND ACCESS |
| Uniform Resource Identifier |
http://www.loc.gov/catdir/bios/wiley044/2001017641.html |
| 856 42 - ELECTRONIC LOCATION AND ACCESS |
| Uniform Resource Identifier |
http://www.loc.gov/catdir/description/wiley037/2001017641.html |
| 856 41 - ELECTRONIC LOCATION AND ACCESS |
| Uniform Resource Identifier |
http://www.loc.gov/catdir/toc/onix06/2001017641.html |
| 942 ## - ADDED ENTRY ELEMENTS (KOHA) |
| Koha item type |
សៀវភៅភាសាអង់គ្លេស |
| 952 ## - LOCATION AND ITEM INFORMATION (KOHA) |
| Withdrawn status [LOCAL, KOHA] |
0 |